| 000 | 00549 a2200181 4500 | ||
|---|---|---|---|
| 008 | 150223b xxu||||| |||| 00| 0 eng d | ||
| 020 | _a9966723773 | ||
| 050 |
_a KSK658 _b.O58 2008 |
||
| 100 | _aOnalo, P. L. | ||
| 245 |
_aLand law and conveyancing in Kenya _cP. L. Onalo. |
||
| 260 |
_c2008 _bLawAfrica Publishing(K) Ltd. _aNairobi |
||
| 300 |
_axviii, 319p. _c27cm. |
||
| 440 | _aLawAfrica series | ||
| 500 | _aIncludes bibliographical references | ||
| 650 |
_aReal property _z Kenya. |
||
| 650 |
_a Conveyancing _z Kenya. |
||
| 942 |
_cBK _2lcc |
||
| 999 |
_c44201 _d44201 |
||